000 00671nam a2200205Ia 4500
003 GCL
008 140319s9999 xx 000 0 ara d
020 _a?422215977
040 _aGCL /
_cGCL
082 0 4 _a154.3
_bى ا
100 1 _aيوسف ميخائيل اسعد
245 1 0 _aاحلام اليقظة مالها وما عليها /
_cيوسف ميخائيل اسعد
250 _aالاولى
260 _aالقاهرة :
_bدار غريب للطباعة والنشر والتوزيع ،
_c2000
300 _a155 ص ؛
_c18 سم
650 0 4 _aالتحليل النفسى
650 0 4 _aالاحلام
650 0 4 _aاحلام اليقظة
942 _2ddc
_cBK
999 _c6456
_d6456